LEADER 02187nam 2200637 a 450 001 9910461914603321 005 20200520144314.0 010 $a9786610369010 010 $a1-4462-1650-0 010 $a1-280-36901-9 010 $a1-4129-3267-X 035 $a(CKB)2670000000259574 035 $a(OCoLC)297233366 035 $a(CaPaEBR)ebrary10256773 035 $a(SSID)ssj0000173419 035 $a(PQKBManifestationID)11181773 035 $a(PQKBTitleCode)TC0000173419 035 $a(PQKBWorkID)10164392 035 $a(PQKB)11108272 035 $a(MiAaPQ)EBC254622 035 $a(OCoLC)1007858020 035 $a(StDuBDS)EDZ0000064246 035 $a(Au-PeEL)EBL254622 035 $a(CaPaEBR)ebr10256773 035 $a(CaONFJC)MIL36901 035 $a(OCoLC)437163148 035 $a(EXLCZ)992670000000259574 100 $a20120327d2002 fy 0 101 0 $aeng 135 $aurcn||||||||| 181 $ctxt 182 $cc 183 $acr 200 10$aHow children learn to write$b[electronic resource] $esupporting and developing children's writing in school /$fDorothy Latham 210 $aLondon $cPaul Chapman$d2002 215 $a1 online resource (222 p.) 300 $aBibliographic Level Mode of Issuance: Monograph 311 $a0-7619-4781-7 311 $a0-7619-4782-5 320 $aIncludes bibliographical references and index. 330 8 $aExplains how certain strategies can improve children's progress in writing. Dealing with the age range 3-13, the book addresses issues to do with the gender gap, children with English as a second language, and left-handedness. 606 $aEnglish language$xComposition and exercises$xStudy and teaching 606 $aLanguage arts 606 $aChildren$xWriting 608 $aElectronic books. 615 0$aEnglish language$xComposition and exercises$xStudy and teaching. 615 0$aLanguage arts. 615 0$aChildren$xWriting. 676 $a372.62/3 700 $aLatham$b Dorothy$01049467 801 0$bStDuBDS 801 1$bStDuBDS 906 $aBOOK 912 $a9910461914603321 996 $aHow children learn to write$92478503 997 $aUNINA LEADER 05586nam 2200817 a 450 001 9910461433703321 005 20200520144314.0 010 $a3-11-048237-1 010 $a1-283-40031-6 010 $a9786613400314 010 $a3-11-025402-6 024 7 $a10.1515/9783110254020 035 $a(CKB)2670000000113728 035 $a(EBL)765904 035 $a(OCoLC)748242228 035 $a(SSID)ssj0000559579 035 $a(PQKBManifestationID)11383318 035 $a(PQKBTitleCode)TC0000559579 035 $a(PQKBWorkID)10567157 035 $a(PQKB)10553716 035 $a(MiAaPQ)EBC765904 035 $a(WaSeSS)Ind00009035 035 $a(DE-B1597)123307 035 $a(OCoLC)763160706 035 $a(OCoLC)979970971 035 $a(DE-B1597)9783110254020 035 $a(PPN)202069915$9sudoc 035 $a(PPN)175483418 035 $a(Au-PeEL)EBL765904 035 $a(CaPaEBR)ebr10502391 035 $a(CaONFJC)MIL340031 035 $a(EXLCZ)992670000000113728 100 $a20101222d2011 uy 0 101 0 $aeng 135 $aur|n|---||||| 181 $ctxt 182 $cc 183 $acr 200 00$aArchaic and classical choral song$b[electronic resource] $eperformance, politics and dissemination /$fedited by Lucia Athanassaki, Ewen Bowie 210 $aBerlin ;$aNew York $cDe Gruyter$dc2011 215 $a1 online resource (572 p.) 225 1 $aTrends in classics. Supplementary volumes,$x1868-4785 ;$vv. 10 300 $aDescription based upon print version of record. 311 $a3-11-025401-8 311 $a3-11-219044-0 320 $aIncludes bibliographical references and indexes. 327 $t Frontmatter -- $tForeword -- $tTable of Contents -- $tIntroduction -- $tReflections of choral song in early hexameter poetry / $rRichardson, Nicholas -- $tAlcman's first Partheneion and the song the Sirens sang / $rBowie, Ewen -- $tCyberchorus: Pindar's ????????? and the aura of the artificial / $rPower, Timothy -- $tEnunciative fiction and poetic performance. Choral voices in Bacchylides' Epinicians / $rCalame, Claude -- $tEros and praise in early Greek lyric / $rRawles, Richard -- $tThe parrhesia of young female choruses in Ancient Greece / $rLardinois, André P.M.H. -- $tA second look at the poetics of re-enactment in Ode 13 of Bacchylides / $rNagy, Gregory -- $tThe Ceians and their choral lyric: Athenian, epichoric and pan-Hellenic perspectives / $rFearn, David -- $tSong, politics, and cultural memory: Pindar's Pythian 7 and the Alcmaeonid temple of Apollo / $rAthanassaki, Lucia -- $tEpinician choregia: funding a Pindaric chorus / $rCurrie, Bruno -- $tPindar and the Aeginetan patrai: Pindar's intersecting audiences / $rMorrison, A. D. -- $tOlympians 1-3: A song cycle? / $rClay, Jenny Strauss -- $tThe dissemination of Pindar's non-epinician choral lyric / $rHubbard, Thomas -- $tChoral self-awareness: on the introductory anapaests of Aeschylus' Supplices / $rKavoulaki, Athena -- $tEpinician and tragic worlds: the case of Sophocles' Trachiniae / $rSwift, L. A. -- $tAlcman at the end of Aristophanes' Lysistrata: ritual interchorality / $rBierl, Anton -- $tAlcman: from Laconia to Alexandria / $rCarey, Chris -- $tBibliography -- $tList of Contributors -- $tIndex of proper names and subjects -- $tIndex locorum 330 $aThis book addresses the many interlocking problems in understanding the modes of performance, dissemination, and transmission of Greek poetry of the seventh to the fifth centuries BC whose first performers were a choral group, sometimes singing in a ritual context, sometimes in more secular celebrations of victories in competitive games. It explores the different ways such a group presented itself and was perceived by its audiences; the place of tyrants, of other prominent individuals and of communities in commissioning and funding choral performances and in securing the further circulation of the songs' texts and music; the social and political role of choral songs and the extent to which such songs continued to be performed both inside and outside the immediate family and polis-community, whether chorally or in archaic Greece's important cultural engine, the elite male symposium, with the consequence that Athenian theatre audiences could be expected to appreciate allusion to or reworking of such poetic forms in tragedy and comedy; and how various types of performance contributed to transmission of written texts of the poems until they were collected and edited by Alexandrian scholars in the third and second centuries BC. 410 0$aTrends in classics.$pSupplementary volumes ;$vv. 10. 606 $aGreek poetry$xHistory and criticism$xTheory, etc 606 $aGreek language$xMetrics and rhythmics 606 $aGreek language$xAccents and accentuation 606 $aDrama$xChorus (Greek drama) 606 $aGreek drama (Tragedy)$xHistory and criticism 608 $aElectronic books. 615 0$aGreek poetry$xHistory and criticism$xTheory, etc. 615 0$aGreek language$xMetrics and rhythmics. 615 0$aGreek language$xAccents and accentuation. 615 0$aDrama$xChorus (Greek drama) 615 0$aGreek drama (Tragedy)$xHistory and criticism. 676 $a884/.0109 686 $aFE 4231$2rvk 701 $aAthanassaki$b Lucia$f1957-$01048684 701 $aBowie$b Ewen$01048685 801 0$bMiAaPQ 801 1$bMiAaPQ 801 2$bMiAaPQ 906 $aBOOK 912 $a9910461433703321 996 $aArchaic and classical choral song$92477133 997 $aUNINA LEADER 05790nam 22006854a 450 001 9910143413503321 005 20170815113508.0 010 $a1-280-65439-2 010 $a9786610654390 010 $a0-470-04195-1 010 $a0-470-04194-3 035 $a(CKB)1000000000354739 035 $a(EBL)275873 035 $a(OCoLC)162100986 035 $a(SSID)ssj0000101330 035 $a(PQKBManifestationID)11109136 035 $a(PQKBTitleCode)TC0000101330 035 $a(PQKBWorkID)10060143 035 $a(PQKB)10395232 035 $a(MiAaPQ)EBC275873 035 $a(CaSebORM)9780471772552 035 $a(EXLCZ)991000000000354739 100 $a20060105d2006 uy 0 101 0 $aeng 135 $aur|n|---||||| 181 $ctxt 182 $cc 183 $acr 200 10$aAll-digital frequency synthesizer in deep-submicron CMOS$b[electronic resource] /$fRobert Bogdan Staszewski, Poras T. Balasara 205 $a1st edition 210 $aHoboken, N.J. $cWiley-Interscience$dc2006 215 $a1 online resource (281 p.) 300 $aDescription based upon print version of record. 311 $a0-471-77255-0 320 $aIncludes bibliographical references (p. 247-252) and index. 327 $aALL-DIGITAL FREQUENCY SYNTHESIZER IN DEEP-SUBMICRON CMOS; CONTENTS; PREFACE; Acknowledgments; 1 INTRODUCTION; 1.1 Frequency Synthesis; 1.1.1 Noise in Oscillators; 1.1.2 Frequency Synthesis Techniques; 1.2 Frequency Synthesizer as an Integral Part of an RF Transceiver; 1.2.1 Transmitter; 1.2.2 Receiver; 1.2.3 Toward Direct Transmitter Modulation; 1.3 Frequency Synthesizers for Mobile Communications; 1.3.1 Integer-N PLL Architecture; 1.3.2 Fractional-N PLL Architecture; 1.3.3 Toward an All-Digital PLL Approach; 1.4 Implementation of an RF Synthesizer 327 $a1.4.1 CMOS vs. Traditional RF Process Technologies1.4.2 Deep-Submicron CMOS; 1.4.3 Digitally Intensive Approach; 1.4.4 System Integration; 1.4.5 System Integration Challenges for Deep-Submicron CMOS; 2 DIGITALLY CONTROLLED OSCILLATOR; 2.1 Varactor in a Deep-Submicron CMOS Process; 2.2 Fully Digital Control of Oscillating Frequency; 2.3 LC Tank; 2.4 Oscillator Core; 2.5 Open-Loop Narrowband Digital-to-Frequency Conversion; 2.6 Example Implementation; 2.7 Time-Domain Mathematical Model of a DCO; 2.8 Summary; 3 NORMALIZED DCO; 3.1 Oscillator Transfer Function and Gain; 3.2 DCO Gain Estimation 327 $a3.3 DCO Gain Normalization3.4 Principle of Synchronously Optimal DCO Tuning Word Retiming; 3.5 Time Dithering of DCO Tuning Input; 3.5.1 Oscillator Tune Time Dithering Principle; 3.5.2 Direct Time Dithering of Tuning Input; 3.5.3 Update Clock Dithering Scheme; 3.6 Implementation of PVT and Acquisition DCO Bits; 3.7 Implementation of Tracking DCO Bits; 3.7.1 High-Speed Dithering of Fractional Varactors; 3.7.2 Dynamic Element Matching of Varactors; 3.7.3 DCO Varactor Rearrangement; 3.8 Time-Domain Model; 3.9 Summary; 4 ALL-DIGITAL PHASE-LOCKED LOOP; 4.1 Phase-Domain Operation 327 $a4.2 Reference Clock Retiming4.3 Phase Detection; 4.3.1 Difference Mode of ADPLL Operation; 4.3.2 Integer-Domain Operation; 4.4 Modulo Arithmetic of the Reference and Variable Phases; 4.4.1 Variable-Phase Accumulator (PV Block); 4.5 Time-to-Digital Converter; 4.5.1 Frequency Reference Edge Estimation; 4.6 Fractional Error Estimator; 4.6.1 Fractional-Division Ratio Compensation; 4.6.2 TDC Resolution Effect on Estimated Frequency Resolution; 4.6.3 Active Removal of Fractional Spurs Through TDC (Optional); 4.7 Frequency Reference Retiming by a DCO Clock; 4.7.1 Sense Amplifier-Based Flip-Flop 327 $a4.7.2 General Idea of Clock Retiming4.7.3 Implementation; 4.7.4 Time-Deferred Calculation of the Variable Phase (Optional); 4.8 Loop Gain Factor; 4.8.1 Phase-Error Dynamic Range; 4.9 Phase-Domain ADPLL Architecture; 4.9.1 Close-in Spurs Due to Injection Pulling; 4.10 PLL Frequency Response; 4.10.1 Conversion Between the s- and z-Domains; 4.11 Noise and Error Sources; 4.11.1 TDC Resolution Effect on Phase Noise; 4.11.2 Phase Noise Due to DCO ?? Dithering; 4.12 Type II ADPLL; 4.12.1 PLL Frequency Response of a Type II Loop; 4.13 Higher-Order ADPLL; 4.13.1 PLL Stability Analysis 327 $a4.14 Nonlinear Differential Term of an ADPLL 330 $aA new and innovative paradigm for RF frequency synthesis and wireless transmitter design Learn the techniques for designing and implementing an all-digital RF frequency synthesizer. In contrast to traditional RF techniques, this innovative book sets forth digitally intensive design techniques that lead the way to the development of low-cost, low-power, and highly integrated circuits for RF functions in deep submicron CMOS processes. Furthermore, the authors demonstrate how the architecture enables readers to integrate an RF front-end with the digital back-end onto a single silicon die 606 $aFrequency synthesizers$xDesign and construction 606 $aWireless communication systems$xEquipment and supplies$xDesign and construction 606 $aMetal oxide semiconductors, Complementary$xDesign and construction 608 $aElectronic books. 615 0$aFrequency synthesizers$xDesign and construction. 615 0$aWireless communication systems$xEquipment and supplies$xDesign and construction. 615 0$aMetal oxide semiconductors, Complementary$xDesign and construction. 676 $a621.3815363 676 $a621.3815486 700 $aStaszewski$b Robert Bogdan$f1965-$0302249 701 $aBalsara$b Poras T.$f1961-$0302250 801 0$bMiAaPQ 801 1$bMiAaPQ 801 2$bMiAaPQ 906 $aBOOK 912 $a9910143413503321 996 $aAll-digital frequency synthesizer in deep-submicron CMOS$9730932 997 $aUNINA